Kogo to piosenka - rap (edycja 2020) TRUDNE - Statystyki

Ogólne statystyki
  • Ten quiz został rozwiązany 235 razy
  • Średni wynik to 5 z 20
Statystyki odpowiedzi
Nuta Raper % Poprawnych
ART Kizo
70%
Urwis Gedz
51%
Nero Mata
51%
Na Kodach OKI
45%
Pasy Białas
34%
GŁÓWNY Jan-Rapowanie
32%
Papierosy i Chanel fukaJ
28%
ŚWINKA PEPA SALVADOR
28%
demo olszakumpel
26%
Nie Widać Po Mnie Sarius
26%
Spopielacz Deys
24%
Tajne info Sobel
23%
Tarantule Szymi Szyms
20%
Mapy Qry
17%
Władca Much Przyłu
15%
Rumcays Koza
13%
Stary niedźwiedź mocno śpi Adi Nowak
9%
Zombie Kacperczyk
6%
Rockstar Jacuś
5%
2020 Major SPZ
5%
Nie znaleziono quizów pasujących do podanych kryteriów
Rozkład punktacji
Procent ludzi z każdym wynikiem
Percentyl według liczby udzielonych odpowiedzi
Twoja historia wyników
Nie rozwiązałeś tego quizu